[Event "Verbandsliga Nordbaden 1516"]
[Site "Baden"]
[Date "2016.04.17"]
[Round "9.8"]
[White "Mueller, Uwe"]
[Black "Schmitt, Katrin"]
[Result "0-1"]
[WhiteElo "2195"]
[BlackElo "1821"]
[PlyCount "78"]
[EventDate "2015.09.27"]
[EventType "team-tourn"]
[EventRounds "9"]
[EventCountry "GER"]
[SourceTitle "EXT 2022"]
[Source "ChessBase"]
[SourceDate "2021.10.06"]
[SourceVersion "1"]
[SourceVersionDate "2021.10.06"]
[SourceQuality "1"]
[WhiteTeam "Ettlingen II"]
[BlackTeam "Bad Mergentheim II"]
[WhiteTeamCountry "GER"]
[BlackTeamCountry "GER"]

1. Nf3 d5 2. g3 Nf6 3. Bg2 c5 4. 0-0 e6 5. d4 Nc6 6. c4 Be7 7. Nc3 dxc4 8. Qa4 0-0 9. dxc5 Bxc5 10. Qxc4 Qe7 11. Bg5 Bb6 12. Ne4 e5 13. Nxf6+ gxf6 14. Bh4 Bf5 15. Nd2 Nd4 16. Ne4 Bxe4 17. Bxe4 Qe6 18. Qxe6 Nxe2+ 19. Kg2 fxe6 20. Bxb7 Rab8 21. Ba6 Nd4 22. Bc4 Kg7 23. g4 Rbc8 24. b3 h6 25. Bg3 Rcd8 26. h4 e4 27. Rad1 Rfe8 28. Rde1 f5 29. Be5+ Kh7 30. Bf6 Nf3 31. Rd1 Rxd1 32. Rxd1 Kg6 33. Bc3 fxg4 34. Kg3 h5 35. Rd7 Rd8 36. Rg7+ Kh6 37. Re7 Rd6 38. Bxe6 Nxh4 39. Kf4 Ng6+ 0-1

[Event "GER-ch U18 Girls"]
[Site "Oberhof"]
[Date "2012.06.02"]
[Round "9"]
[White "Schmitt, Katrin"]
[Black "Schulz, Anja2222"]
[Result "0-1"]
[WhiteElo "1789"]
[BlackElo "2144"]
[PlyCount "48"]
[EventDate "2012.05.27"]
[EventType "swiss"]
[EventRounds "9"]
[EventCountry "GER"]
[SourceTitle "CBM 148 Extra"]
[Source "ChessBase"]
[SourceDate "2012.06.22"]
[SourceVersion "1"]
[SourceVersionDate "2012.06.22"]
[SourceQuality "1"]

1. e4 c5 2. Nf3 d6 3. d4 cxd4 4. Nxd4 Nf6 5. Nc3 a6 6. Bg5 Nbd7 7. f4 h6 8. Bh4 e5 9. fxe5 dxe5 10. Nf5 Qb6 11. Bxf6 Nxf6 12. Qd3 Bxf5 13. exf5 Rd8 14. Qe2 Be7 15. Rd1 0-0 16. Rxd8 Rxd8 17. Nd1 Rd4 18. Qxe5 Re4+ 19. Qxe4 Nxe4 20. Bd3 Nc5 21. Rf1 Qa5+ 22. Nc3 Qb4 23. Kd1 Nxd3 24. cxd3 Qxb2 0-1

[Event "GER-ch U18 Girls"]
[Site "Oberhof"]
[Date "2012.05.30"]
[Round "6"]
[White "Brandt, Carina"]
[Black "Schmitt, Katrin"]
[Result "1/2-1/2"]
[WhiteElo "1622"]
[BlackElo "1789"]
[PlyCount "54"]
[EventDate "2012.05.27"]
[EventType "swiss"]
[EventRounds "9"]
[EventCountry "GER"]
[SourceTitle "CBM 148 Extra"]
[Source "ChessBase"]
[SourceDate "2012.06.22"]
[SourceVersion "1"]
[SourceVersionDate "2012.06.22"]
[SourceQuality "1"]

1. e4 e5 2. Nf3 Nc6 3. Bc4 Bc5 4. b4 Bxb4 5. c3 Be7 6. d4 Na5 7. Nxe5 Nxc4 8. Nxc4 d5 9. exd5 Qxd5 10. Ne3 Qd8 11. 0-0 Nf6 12. Nd2 0-0 13. Nf3 Ne4 14. Qb3 c6 15. Ne5 Qc7 16. Qc2 Nf6 17. f4 Nd5 18. f5 f6 19. Nxd5 cxd5 20. Nd3 Bd6 21. Nf4 Bxf4 22. Bxf4 Qc4 23. Rae1 Bd7 24. Re7 Bc6 25. Rfe1 Rfe8 26. Qd2 Rxe7 27. Rxe7 Re8 1/2-1/2

[Event "GER-ch Net qual4 U18"]
[Site "Playchess.com INT"]
[Date "2011.05.11"]
[Round "7"]
[White "Schmitt, Katrin"]
[Black "Ruehrmund, Daniel"]
[Result "0-1"]
[WhiteElo "1709"]
[BlackElo "1635"]
[PlyCount "72"]
[EventDate "2011.05.11"]
[EventType "swiss (blitz)"]
[EventRounds "7"]
[EventCountry "GER"]
[SourceTitle "CBM 142 Extra"]
[Source "ChessBase"]
[SourceDate "2011.06.27"]
[SourceVersion "1"]
[SourceVersionDate "2011.06.27"]
[SourceQuality "1"]

1. e4 c5 2. Nf3 e6 3. d4 cxd4 4. Nxd4 a6 5. Nc3 Qc7 6. Be2 Nf6 7. 0-0 Bb4 8. Bg5 Bxc3 9. Bxf6 gxf6 10. bxc3 Qxc3 11. Bf3 Nc6 12. Nxc6 dxc6 13. Qd6 Qe5 14. Qd3 Qc5 15. Rfd1 Ke7 16. Rab1 b5 17. Rd2 e5 18. Rbd1 Be6 19. c3 Ra7 20. h3 Rd7 21. Qc2 Rhd8 22. Rxd7+ Rxd7 23. Rxd7+ Bxd7 24. Qd2 Be6 25. Bd1 Qd6 26. Qc2 Bxa2 27. Be2 Be6 28. Qb2 a5 29. Qa1 a4 30. Kh2 a3 31. f3 a2 32. Bd1 Qd2 33. Kg1 Qe3+ 34. Kh2 Qd3 35. h4 Qb1 36. Qxb1 axb1Q 0-1

[Event "GER-ch Net qual3 U18"]
[Site "Playchess.com INT"]
[Date "2011.05.08"]
[Round "5"]
[White "Moehn, Hans"]
[Black "Schmitt, Katrin"]
[Result "1-0"]
[WhiteElo "1960"]
[BlackElo "1702"]
[PlyCount "153"]
[EventDate "2011.05.08"]
[EventType "swiss (blitz)"]
[EventRounds "7"]
[EventCountry "GER"]
[SourceTitle "CBM 142 Extra"]
[Source "ChessBase"]
[SourceDate "2011.06.27"]
[SourceVersion "1"]
[SourceVersionDate "2011.06.27"]
[SourceQuality "1"]

1. g3 d5 2. Bg2 e5 3. c4 c6 4. Nf3 Bd6 5. 0-0 Nf6 6. Nc3 0-0 7. cxd5 cxd5 8. Nb5 Bc7 9. d3 Nc6 10. Nxc7 Qxc7 11. Bg5 Qd6 12. a3 h6 13. Bxf6 Qxf6 14. Nd2 Be6 15. b4 Rac8 16. Qa4 a6 17. b5 Nb8 18. bxa6 bxa6 19. Rfc1 Qe7 20. Qa5 Qd6 21. Nb3 d4 22. Nc5 Bd5 23. Ne4 Bxe4 24. Bxe4 f5 25. Bb7 Rxc1+ 26. Rxc1 f4 27. g4 f3 28. Bxf3 Qf6 29. Qd5+ Kh8 30. Kg2 Qf4 31. Rc5 Re8 32. h3 Qf6 33. Rc7 Qb6 34. Rb7 Qf6 35. Be4 h5 36. Qf7 Qxf7 37. Rxf7 Kg8 38. Rc7 hxg4 39. hxg4 Kf8 40. Bd5 g6 41. Rf7+ Kg8 42. Re7+ Kf8 43. Rf7+ Kg8 44. Rf6+ Kg7 45. Rb6 Nd7 46. Rxa6 Nf6 47. Ra7+ Kh6 48. Bf3 Kg5 49. Ra6 Nxg4 50. Bxg4 Kxg4 51. a4 Kf5 52. Ra7 e4 53. dxe4+ Kxe4 54. a5 d3 55. exd3+ Kxd3 56. Rg7 Kc4 57. Rxg6 Kb5 58. a6 Ra8 59. f4 Rf8 60. Kg3 Ka5 61. Kg4 Kb5 62. f5 Rc8 63. Kg5 Ra8 64. Re6 Rg8+ 65. Kf6 Rf8+ 66. Kg6 Rg8+ 67. Kf7 Rh8 68. f6 Rh7+ 69. Kg8 Rh6 70. Re5+ Kxa6 71. f7 Rg6+ 72. Kh7 Rf6 73. Kg7 Rf1 74. f8Q Rg1+ 75. Kf7 Rf1+ 76. Ke7 Rxf8 77. Kxf8 1-0

[Event "GER-ch Net qual1 U18"]
[Site "Playchess.com INT"]
[Date "2011.05.01"]
[Round "1"]
[White "Mons, Leon"]
[Black "Schmitt, Katrin"]
[Result "1-0"]
[WhiteElo "2220"]
[BlackElo "1744"]
[PlyCount "67"]
[EventDate "2011.05.01"]
[EventType "swiss (blitz)"]
[EventRounds "7"]
[EventCountry "GER"]
[SourceTitle "CBM 142 Extra"]
[Source "ChessBase"]
[SourceDate "2011.06.27"]
[SourceVersion "1"]
[SourceVersionDate "2011.06.27"]
[SourceQuality "1"]

1. e4 e5 2. Bc4 Nf6 3. d3 Nc6 4. Nf3 Bc5 5. c3 d6 6. 0-0 0-0 7. Nbd2 a6 8. Bb3 Ba7 9. h3 Ne7 10. Re1 Ng6 11. Nf1 Nh5 12. d4 Nhf4 13. Ng3 Re8 14. Be3 exd4 15. cxd4 Bd7 16. Qd2 Bc6 17. Bxf4 Nxf4 18. Qxf4 Qe7 19. Nf5 Qf6 20. e5 dxe5 21. dxe5 Qd8 22. Rad1 Qc8 23. Bxf7+ Kh8 24. Qg5 Rg8 25. Bxg8 Qxg8 26. Ne7 Qe6 27. Nxc6 Qxc6 28. e6 Re8 29. Rd8 h6 30. Rxe8+ Qxe8 31. Qf5 Kg8 32. Ne5 Bb6 33. Qf7+ Qxf7 34. exf7+ 1-0

[Event "GER-ch Net qual1 U18"]
[Site "Playchess.com INT"]
[Date "2011.05.01"]
[Round "5"]
[White "Schmitt, Katrin"]
[Black "Miller, Eduard"]
[Result "0-1"]
[WhiteElo "1744"]
[BlackElo "2110"]
[PlyCount "90"]
[EventDate "2011.05.01"]
[EventType "swiss (blitz)"]
[EventRounds "7"]
[EventCountry "GER"]
[SourceTitle "CBM 142 Extra"]
[Source "ChessBase"]
[SourceDate "2011.06.27"]
[SourceVersion "1"]
[SourceVersionDate "2011.06.27"]
[SourceQuality "1"]

1. e4 c5 2. Nf3 g6 3. d4 cxd4 4. Nxd4 Bg7 5. c4 Nc6 6. Be3 Nf6 7. Nc3 0-0 8. Be2 d6 9. 0-0 Bd7 10. Qd2 Nxd4 11. Bxd4 Bc6 12. f3 a5 13. b3 Nd7 14. Nd5 Nc5 15. Qc3 Bxd4+ 16. Qxd4 e5 17. Qd2 Ne6 18. Rfd1 Nd4 19. Rac1 Bxd5 20. cxd5 Qb6 21. Kh1 f5 22. Bd3 f4 23. Rc3 a4 24. Rb1 axb3 25. axb3 Ra3 26. b4 Rfa8 27. Qc1 Ra2 28. Rc8+ Rxc8 29. Qxc8+ Kg7 30. Qd7+ Kh6 31. Qe8 Qc7 32. Qf8+ Kh5 33. g4+ fxg3 34. hxg3 Qd7 35. g4+ Kg5 36. b5 Rf2 37. Rg1 Rxf3 38. Qg8 Rh3+ 39. Kg2 Qxg4+ 40. Kf1 Rf3+ 41. Ke1 Qxg1+ 42. Kd2 Rxd3+ 43. Kxd3 Qd1+ 44. Kc3 Qb3+ 45. Kd2 Qc2+ 0-1

[Event "GER-ch Net qual1 U18"]
[Site "Playchess.com INT"]
[Date "2011.05.01"]
[Round "6"]
[White "Schmitt, Katrin"]
[Black "Peter, Laurenz"]
[Result "1/2-1/2"]
[WhiteElo "1744"]
[BlackElo "1511"]
[PlyCount "118"]
[EventDate "2011.05.01"]
[EventType "swiss (blitz)"]
[EventRounds "7"]
[EventCountry "GER"]
[SourceTitle "CBM 142 Extra"]
[Source "ChessBase"]
[SourceDate "2011.06.27"]
[SourceVersion "1"]
[SourceVersionDate "2011.06.27"]
[SourceQuality "1"]

1. e4 c5 2. Nf3 e6 3. d4 cxd4 4. Nxd4 a6 5. Nc3 Qc7 6. Be3 Bb4 7. Bd2 Nf6 8. Bd3 Nc6 9. Nxc6 dxc6 10. 0-0 e5 11. Ne2 Be7 12. Ng3 0-0 13. h3 b5 14. Qf3 c5 15. Nf5 Bxf5 16. Qxf5 c4 17. Be2 Bc5 18. Bc3 Bd4 19. Bxd4 exd4 20. Rfd1 Rad8 21. e5 Ne8 22. Bf3 Qc5 23. Be4 g6 24. Qg5 Ng7 25. h4 Rfe8 26. f4 d3+ 27. Kh2 Qe3 28. cxd3 cxd3 29. Bf3 Ne6 30. Qg3 Qxf4 31. Qxf4 Nxf4 32. Rd2 Rxe5 33. Rad1 Re7 34. g3 Ne6 35. Rxd3 Rxd3 36. Rxd3 Rc7 37. Rd2 Kg7 38. Kg2 Rc1 39. a3 Nc5 40. Bd1 Rb1 41. Kh3 Na4 42. Bxa4 bxa4 43. Rd6 Rxb2 44. Rxa6 Rb3 45. Rxa4 Kf6 46. Rf4+ Ke6 47. a4 Ra3 48. Rb4 Kd6 49. Kg4 Kc5 50. Rf4 f5+ 51. Kh3 Kb6 52. h5 Ka5 53. hxg6 hxg6 54. Kh4 g5+ 55. Kxg5 Rxg3+ 56. Kxf5 Ra3 57. Ke6 Rxa4 58. Rf5+ Kb4 59. Rf4+ Kb3 1/2-1/2

[Event "GER-ch U16 Girls"]
[Site "Oberhof"]
[Date "2010.05.26"]
[Round "6"]
[White "Marx, Inge"]
[Black "Schmitt, Katrin"]
[Result "0-1"]
[WhiteElo "1756"]
[BlackElo "1728"]
[PlyCount "76"]
[EventDate "2010.05.22"]
[EventType "swiss"]
[EventRounds "9"]
[EventCountry "GER"]
[SourceTitle "CBM 136 Extra"]
[Source "ChessBase"]
[SourceDate "2010.07.02"]
[SourceVersion "2"]
[SourceVersionDate "2010.07.15"]
[SourceQuality "1"]

1. e4 e5 2. Nf3 Nc6 3. Bb5 a6 4. Ba4 Nf6 5. 0-0 b5 6. Bb3 Be7 7. d3 d6 8. c3 0-0 9. Nbd2 Na5 10. Bc2 c5 11. Re1 Re8 12. Nf1 h6 13. Ng3 Bf8 14. Kh1 Nc6 15. a4 Bd7 16. h3 d5 17. axb5 axb5 18. Rxa8 Qxa8 19. Nh4 dxe4 20. dxe4 Qb8 21. Qf3 Ne7 22. Bxh6 gxh6 23. Qxf6 Bg7 24. Qf3 Qb6 25. Nh5 Ng6 26. Nf5 Bf8 27. Nxh6+ Bxh6 28. Nf6+ Kg7 29. Nxd7 Qc6 30. Qf5 Re7 31. Rd1 c4 32. Qg4 Kh8 33. Nb8 Qb7 34. Rd8+ Kg7 35. h4 Qb6 36. Rc8 Qxf2 37. Qd1 Qxh4+ 38. Kg1 Be3+ 0-1

[Event "GER-ch U16 Girls"]
[Site "Oberhof"]
[Date "2010.05.24"]
[Round "3"]
[White "Schmitt, Katrin"]
[Black "Brandt, Carina"]
[Result "1-0"]
[WhiteElo "1728"]
[BlackElo "1084"]
[PlyCount "67"]
[EventDate "2010.05.22"]
[EventType "swiss"]
[EventRounds "9"]
[EventCountry "GER"]
[SourceTitle "CBM 136 Extra"]
[Source "ChessBase"]
[SourceDate "2010.07.02"]
[SourceVersion "2"]
[SourceVersionDate "2010.07.15"]
[SourceQuality "1"]

1. e4 e5 2. Nf3 Nc6 3. Bc4 Bc5 4. c3 Nf6 5. d3 0-0 6. Bg5 d6 7. Bb3 Bg4 8. h3 Be6 9. Bc2 h6 10. Bh4 d5 11. Qe2 d4 12. c4 Be7 13. g4 Nh7 14. Bg3 Qd6 15. Nbd2 Ng5 16. 0-0-0 a6 17. Nxg5 Bxg5 18. h4 Be7 19. Rdf1 b5 20. f4 Rab8 21. g5 bxc4 22. dxc4 Qb4 23. Bb3 Na5 24. f5 Nxb3+ 25. axb3 Bd7 26. gxh6 Ba4 27. Bxe5 Bxb3 28. Nxb3 Qxb3 29. Rhg1 f6 30. Rxg7+ Kh8 31. Bxd4 Ba3 32. Rf3 Bxb2+ 33. Bxb2 Qa4 34. Qc2 1-0

[Event "GER-ch U14 Girls"]
[Site "Willingen"]
[Date "2009.06.05"]
[Round "8"]
[White "Kuckling, Hannah"]
[Black "Schmitt, Katrin"]
[Result "0-1"]
[WhiteElo "1525"]
[BlackElo "1606"]
[PlyCount "112"]
[EventDate "2009.05.30"]
[EventType "swiss"]
[EventRounds "9"]
[EventCountry "GER"]
[SourceTitle "EXT 2010"]
[Source "ChessBase"]
[SourceDate "2010.11.25"]
[SourceVersion "1"]
[SourceVersionDate "2010.11.25"]
[SourceQuality "1"]

1. e4 e5 2. Nf3 Nc6 3. Bb5 a6 4. Bxc6 dxc6 5. Nc3 f6 6. d4 exd4 7. Qxd4 Qxd4 8. Nxd4 Bd6 9. f3 Ne7 10. Be3 Bd7 11. Kf2 Ng6 12. Rad1 0-0-0 13. Nde2 Ne5 14. b3 Bb4 15. Na4 b6 16. Nb2 Bd6 17. Nd3 Rhe8 18. Nxe5 Bxe5 19. Bf4 Bxf4 20. Nxf4 Re5 21. Nd3 Re7 22. Rd2 c5 23. Rhd1 Be6 24. Nf4 Rxd2+ 25. Rxd2 Bf7 26. c3 Kb7 27. Rd8 c6 28. Ne2 Bg6 29. Nf4 Bf7 30. h4 Kc7 31. Rd2 Rd7 32. Rxd7+ Kxd7 33. Ke3 Kd6 34. Nd3 c4 35. Nc1 cxb3 36. axb3 a5 37. Kd3 b5 38. Kc2 c5 39. Ne2 a4 40. bxa4 bxa4 41. Kb2 Kc6 42. Nf4 Kb5 43. Nd5 Kc4 44. Nf4 a3+ 45. Kxa3 Kxc3 46. Nd5+ Kd4 47. Ne7 Kd3 48. Nf5 c4 49. Kb2 Kd2 50. Nd4 c3+ 51. Kb1 Bc4 52. g4 Bd3+ 53. Ka2 Kd1 54. g5 c2 55. Nxc2 Bxc2 56. Ka3 Ke2 0-1

[Event "GER-ch U14 Girls"]
[Site "Willingen"]
[Date "2009.06.03"]
[Round "7"]
[White "Schmitt, Katrin"]
[Black "Lehmann, Patricia"]
[Result "1-0"]
[WhiteElo "1606"]
[BlackElo "1378"]
[PlyCount "81"]
[EventDate "2009.05.30"]
[EventType "swiss"]
[EventRounds "9"]
[EventCountry "GER"]
[SourceTitle "EXT 2010"]
[Source "ChessBase"]
[SourceDate "2010.11.25"]
[SourceVersion "1"]
[SourceVersionDate "2010.11.25"]
[SourceQuality "1"]

1. e4 c5 2. Nf3 d6 3. d4 cxd4 4. Nxd4 Nf6 5. Nc3 g6 6. Be3 Bg7 7. f3 0-0 8. Qd2 Nc6 9. 0-0-0 Bd7 10. g4 Ne5 11. h4 Rc8 12. h5 Nc4 13. Bxc4 Rxc4 14. hxg6 fxg6 15. e5 Ne8 16. Qh2 Kf7 17. Ne4 Rh8 18. e6+ Kf8 19. Qf4+ Nf6 20. exd7 Qxd7 21. g5 e5 22. Nxf6 exf4 23. Nxd7+ Ke7 24. Bf2 Kxd7 25. c3 a6 26. Kb1 b5 27. Nb3 Kc7 28. Bd4 Bxd4 29. Rxd4 Rxd4 30. Nxd4 Re8 31. Rxh7+ Kb6 32. Rg7 Re1+ 33. Kc2 Re8 34. Rxg6 Kc5 35. Rg7 Kb6 36. g6 d5 37. Rf7 Ka5 38. g7 Rg8 39. Nf5 Ka4 40. Rf8 Rxg7 41. Nxg7 1-0

[Event "GER-ch U14 Girls"]
[Site "Willingen"]
[Date "2009.06.01"]
[Round "3"]
[White "Marx, Inge"]
[Black "Schmitt, Katrin"]
[Result "1-0"]
[WhiteElo "1460"]
[BlackElo "1606"]
[PlyCount "121"]
[EventDate "2009.05.30"]
[EventType "swiss"]
[EventRounds "9"]
[EventCountry "GER"]
[SourceTitle "EXT 2010"]
[Source "ChessBase"]
[SourceDate "2010.11.25"]
[SourceVersion "1"]
[SourceVersionDate "2010.11.25"]
[SourceQuality "1"]

1. e4 e5 2. Nf3 Nc6 3. Bb5 a6 4. Ba4 Nf6 5. d3 d6 6. 0-0 Be7 7. c3 b5 8. Bb3 0-0 9. Nbd2 Bg4 10. Re1 Na5 11. Bc2 c5 12. h3 Bd7 13. Nf1 Re8 14. Ng3 Bf8 15. Qe2 g6 16. Nh2 Bg7 17. Kh1 Nc6 18. Qf1 b4 19. f4 Qc7 20. f5 Bc8 21. Bg5 Nd7 22. Bb3 Nb6 23. fxg6 hxg6 24. Bd1 Rf8 25. Bf6 Bxf6 26. Qxf6 Qe7 27. Rf1 Nd7 28. Qf3 bxc3 29. bxc3 Nd8 30. Rb1 Ne6 31. Bb3 Nf4 32. Ne2 Ne6 33. Ng4 Kg7 34. Qe3 Rh8 35. Bd5 Ra7 36. Bc6 Rc7 37. Bxd7 Rxd7 38. Nf6 Ra7 39. Nd5 Qg5 40. Qf3 Rf8 41. Ne3 Nc7 42. Rb6 Qe7 43. Nc4 Rd8 44. Rxd6 Rxd6 45. Nxd6 Be6 46. Nf5+ gxf5 47. exf5 Bxf5 48. Qxf5 Nd5 49. Qe4 Nf6 50. Qf3 Qe6 51. Ng3 Nd5 52. Nh5+ Kf8 53. c4 Nb4 54. Qe2 Qd6 55. Rf3 Rd7 56. Nf6 Rd8 57. Ne4 Qd4 58. Ng5 Qa1+ 59. Rf1 Qxa2 60. Rxf7+ Kg8 61. Qxe5 1-0

[Event "GER-ch Net qual2 U14"]
[Site "Playchess.com INT"]
[Date "2009.05.13"]
[Round "6"]
[White "Bauer, Bjoern Benny"]
[Black "Schmitt, Katrin"]
[Result "0-1"]
[WhiteElo "1861"]
[BlackElo "1658"]
[PlyCount "76"]
[EventDate "2009.05.13"]
[EventType "swiss (blitz)"]
[EventRounds "7"]
[EventCountry "GER"]
[SourceTitle "CBM 130 Extra"]
[Source "ChessBase"]
[SourceDate "2009.07.02"]
[SourceVersion "2"]
[SourceVersionDate "2009.07.15"]
[SourceQuality "1"]

1. d4 d5 2. c4 e6 3. Nc3 Nf6 4. Bg5 Be7 5. Nf3 h6 6. Bh4 0-0 7. e3 b6 8. cxd5 Nxd5 9. Nxd5 exd5 10. Bg3 c5 11. Bd3 Be6 12. 0-0 Nc6 13. Qc2 Nb4 14. Qd2 Nxd3 15. Qxd3 c4 16. Qd2 b5 17. Ne5 Qb6 18. f4 Bf5 19. Bf2 a5 20. g4 Be4 21. Nd7 Qg6 22. Nxf8 Qxg4+ 23. Bg3 Bxf8 24. Qf2 b4 25. f5 Bd6 26. Rae1 h5 27. Qe2 Qxe2 28. Rxe2 Bxg3 29. hxg3 Bd3 30. Ref2 Bxf1 31. Kxf1 a4 32. Rh2 g6 33. f6 a3 34. Ke1 c3 35. b3 Re8 36. Ke2 Re6 37. Rf2 Kh7 38. Kd3 Kh6 0-1

[Event "GER-ch Net qual2 U14"]
[Site "Playchess.com INT"]
[Date "2009.05.13"]
[Round "2"]
[White "Schmitt, Katrin"]
[Black "Fischer, Franziska"]
[Result "1-0"]
[WhiteElo "1658"]
[BlackElo "1297"]
[PlyCount "109"]
[EventDate "2009.05.13"]
[EventType "swiss (blitz)"]
[EventRounds "7"]
[EventCountry "GER"]
[SourceTitle "CBM 130 Extra"]
[Source "ChessBase"]
[SourceDate "2009.07.02"]
[SourceVersion "2"]
[SourceVersionDate "2009.07.15"]
[SourceQuality "1"]

1. e4 c6 2. d4 d5 3. exd5 cxd5 4. Bd3 Nc6 5. c3 Nf6 6. Nf3 Bg4 7. Bf4 e6 8. Nbd2 Bd6 9. Bg3 0-0 10. 0-0 Re8 11. Qb3 b6 12. Bxd6 Qxd6 13. h3 Bxf3 14. Nxf3 e5 15. dxe5 Nxe5 16. Nxe5 Qxe5 17. Qc2 d4 18. cxd4 Qxd4 19. Qb3 Rad8 20. Bc4 Rf8 21. Rad1 Qc5 22. Bxf7+ Kh8 23. Bc4 Rb8 24. Be2 Ne4 25. Bf3 Ng5 26. Rd5 Nxf3+ 27. gxf3 Qc8 28. Kh2 Qc7+ 29. Kg2 Qc6 30. Rg5 Qf6 31. Rg3 h6 32. Rg1 Rb7 33. Qc2 Rbf7 34. Qb3 Qc6 35. Re1 Rf6 36. Re3 Qb7 37. a3 R6f7 38. Re6 Rf6 39. Rxf6 Rxf6 40. Qc3 Rf7 41. Qc4 a6 42. Qe4 Qxe4 43. fxe4 Re7 44. f3 Rd7 45. Kf2 Rc7 46. Ke3 Rc2 47. b4 Ra2 48. Kf4 Rxa3 49. Kf5 Ra4 50. Kg6 Kg8 51. Rg4 Rxb4 52. Rf4 a5 53. Rf7 a4 54. Ra7 a3 55. Ra8# 1-0

[Event "GER-ch Net qual2 U14"]
[Site "Playchess.com INT"]
[Date "2009.05.13"]
[Round "7"]
[White "Schmitt, Katrin"]
[Black "Muth, Matthias Potisarath"]
[Result "0-1"]
[WhiteElo "1658"]
[BlackElo "1567"]
[PlyCount "110"]
[EventDate "2009.05.13"]
[EventType "swiss (blitz)"]
[EventRounds "7"]
[EventCountry "GER"]
[SourceTitle "CBM 130 Extra"]
[Source "ChessBase"]
[SourceDate "2009.07.02"]
[SourceVersion "2"]
[SourceVersionDate "2009.07.15"]
[SourceQuality "1"]

1. e4 c5 2. b3 Nc6 3. Bb2 d6 4. Nc3 Nf6 5. Nf3 Bg4 6. Be2 g6 7. h3 Bxf3 8. Bxf3 Bg7 9. 0-0 0-0 10. d3 Ne5 11. Be2 Nfd7 12. f4 Nc6 13. Na4 Nd4 14. g4 Nxe2+ 15. Qxe2 b5 16. Bxg7 Kxg7 17. Nb2 a5 18. a4 b4 19. Nc4 Nb6 20. Rf3 Nxc4 21. dxc4 e6 22. Raf1 d5 23. exd5 exd5 24. Rd3 d4 25. Qf3 Qe7 26. f5 f6 27. fxg6 hxg6 28. Rf2 Rae8 29. Kg2 Rf7 30. Qd5 Qe4+ 31. Qxe4 Rxe4 32. Kf3 Rfe7 33. Rfd2 Re3+ 34. Kg2 Re2+ 35. Kf3 R7e3+ 36. Rxe3 Rxe3+ 37. Kg2 Kf7 38. h4 Re4 39. Kf3 Re3+ 40. Kg2 Kg7 41. Rf2 g5 42. h5 Re4 43. Kg3 Re3+ 44. Rf3 Rc3 45. Rxc3 bxc3 46. Kf3 d3 47. cxd3 c2 48. b4 axb4 49. a5 c1Q 50. Ke4 Qa1 51. d4 cxd4 52. c5 Qxa5 53. Kxd4 b3 54. c6 b2 55. c7 Qxc7 0-1

[Event "Baden-ch U14/18 Girls"]
[Site "Karlsruhe"]
[Date "2008.01.03"]
[Round "3"]
[White "Kuehnel, Lena"]
[Black "Schmitt, Katrin"]
[Result "1/2-1/2"]
[WhiteElo "1622"]
[BlackElo "1430"]
[PlyCount "42"]
[EventDate "2008.01.02"]
[EventType "swiss"]
[EventRounds "7"]
[EventCountry "GER"]
[SourceTitle "EXT 2009"]
[Source "ChessBase"]
[SourceDate "2008.11.26"]
[SourceVersion "1"]
[SourceVersionDate "2008.11.26"]
[SourceQuality "1"]

1. e4 e5 2. Nf3 Nc6 3. Bc4 Bc5 4. c3 Nf6 5. d4 exd4 6. cxd4 Bb4+ 7. Bd2 Bxd2+ 8. Nbxd2 d5 9. exd5 Nxd5 10. Qb3 Nce7 11. 0-0 0-0 12. Rfe1 c6 13. a3 Qb6 14. Rac1 Qxb3 15. Nxb3 Bf5 16. Nc5 Rab8 17. Re5 Bc8 18. Rce1 b6 19. Nd3 Ng6 20. Re8 Be6 21. Rxb8 Rxb8 1/2-1/2